01352cam a2200373   4500001001400000005001700014008004100031020003100072035004100103035002700144035002800171040002300199041001300222044001100235072004800246080002500294080002300319100002700342240003200369245007200401246009400473264003300567300002300600336002600623337002900649338002900678500003300707500006900740655003100809655003500840655003000875655002600905700004700931vtls01186188820220131080710.0210624s2019    xo     gr     010 fdslo    a9788055166018q(viazané)  aC01AF233-8530-4164-B88A-AD73B5751017  aurn:nbn:sk:snk-am3id9d  aurn:nbn:sk:snk-am00e45x  aSNKbslocSNKerda1 asloheng  axocSK 7a821.111(73)-3xAmerická próza2konspekt  a821.111(73)-3122011  a(0:82-312.5)220111 aCenter, Katherine4aut10aHow to Walk AwaylSlovensky10aAko odísťcKatherie Centerová ; preložila Miriam Ghaniová1 iObálkový podnázov:aKeď sa vám zrúti život, dokážete začať odznova? 1aBratislavabIkar, a.s.c2019  a326 stránc21 cm  atextbtxt2rdacontent  abez médiabn2rdamedia  azväzokbnc2rdacarrier  aPreložené z angličtiny  aObsahuje biografické údaje o autorke na prebale publikácie 7aamerické romány2SNKPH 7aľúbostné romány2SNKPH 7aAmerican novels2SNKPHeng 7aLove novels2SNKPHeng1 aGhaniová, Miriamc(prekladateľka)4trl